000 00782nam a2200241Ia 4500
003 OSt
005 20220923212950.0
006 a|||||r|||| 00| 0
007 ta
008 220922b |||||||| |||| 00| 0 hin d
024 _a157,467
037 _cTextual
040 _aARTS
_cARTS
_bhin
041 _2hin
_ahin
082 _aO152:gL, K1.1
100 _aशुक्ल, प्रयागदत्त
_9156365
245 0 _aहिन्दी साहित्य को विदर्भ की देन
246 _aHindī sāhitya ko vidarbha kī dena
260 _c1961
650 _aहिन्दी साहित्य
_9156264
942 _hO152:gL, K1.1
_cTEXL
_2CC
999 _c312684
_d312684